000 00423nam a2200169Ia 4500
003 IN-BaIIA
008 211028s9999 xx 000 0 eng d
040 _cIIA Library
080 _a51
_bSUT
100 _aSutton, O. G
_93192
245 0 _aMathematics in action
_cO. G. Sutton
260 _aLondon
_bG. Bell and Sons
_c1954
300 _aviii, 226p.
650 _aMathematics
_982
650 _aNASA thesaurus
942 _cBK
999 _c1588
_d1588